Aníbal
Guardat en:
| Autor principal: | |
|---|---|
| Format: | Llibre |
| Idioma: | espanyol |
| Publicat: |
Barcelona
Crítica
1997
|
| Col·lecció: | Libros de Historia
|
| Matèries: | |
| Etiquetes: |
Afegir etiqueta
Sense etiquetes, Sigues el primer a etiquetar aquest registre!
|
MARC
| LEADER | 00000nam a2200000 a 4500 | ||
|---|---|---|---|
| 001 | UCN7714 | ||
| 003 | CL-VaPUC | ||
| 008 | 011026e19970000SP |||||||||||||||||spa|d | ||
| 082 | 0 | 4 | |a 923.5 |b LAN |2 21 |
| 100 | |a Lancel, Serge |e author |9 463725 | ||
| 245 | 1 | 0 | |a Aníbal |
| 300 | |a 309 p | ||
| 942 | |c BK | ||
| 945 | |d 20011026 00:00:00 |a vberengu | ||
| 260 | |a Barcelona |b Crítica |c 1997 | ||
| 600 | 0 | |a Aníbal de Cartago |d 247 a.C-182 a.C |9 438168 | |
| 650 | 0 | |a Biografías |9 255210 | |
| 650 | 0 | |a Historia antigua |9 267521 | |
| 650 | 0 | |a Guerras púnicas |9 318990 | |
| 650 | 0 | |a Vida y obra |9 311871 | |
| 650 | 7 | |a GENERALES |2 CL-VaPUC |9 315864 | |
| 651 | 0 | |a Roma |9 255106 | |
| 651 | 0 | |a Cartago |9 320485 | |
| 583 | |a last modification |c 20011026 00:00:00 |k Rodrigo Vera | ||
| 490 | 0 | |a Libros de Historia | |
| 999 | |c 297927 |d 297925 | ||
| 952 | |0 0 |1 0 |4 0 |6 923_500000000000000_LAN_1997 |7 0 |8 A |9 352983 |a BIBHIS |b BIBHIS |d 2019-11-21 |i 3764923 |o 923.5 LAN 1997 |p 3764923 |r 2025-01-20 |w 2019-11-21 |y BK |k HIS | ||